000 00240 a2200097 4500
001 41781
100 _a
245 _aCompton's Pictured Encyclopedia & Fact Index (Vol-XII_
260 _aChicago
_bF E Compton & Co.
_c
090 _c25892
_d25892
942 _aNUST-CAE
_c
_c17660
999 _c276854
_d276854